[Event "Hammamet Carthage op 1st"]
[Site "Hammamet"]
[Date "2015.10.07"]
[Round "5"]
[White "Kilani, Kamel"]
[Black "Bouzidi, Ridha"]
[Result "1-0"]
[WhiteElo "2075"]
[BlackElo "1796"]
[PlyCount "111"]
[EventDate "2015.10.04"]
[EventType "swiss"]
[EventRounds "9"]
[EventCountry "TUN"]
[SourceTitle "CBM 168 Extra"]
[Source "ChessBase"]
[SourceDate "2015.10.29"]
[SourceVersion "1"]
[SourceVersionDate "2015.10.29"]
[SourceQuality "1"]

1. d4 d5 2. c4 e6 3. Nf3 Nf6 4. Bg5 c5 5. cxd5 exd5 6. Nc3 Be6 7. g3 h6 8. Be3 c4 9. Bg2 Nc6 10. 0-0 a6 11. Ne5 Bd6 12. Nxc6 bxc6 13. b3 cxb3 14. axb3 0-0 15. Na4 Ng4 16. Bd2 f5 17. Rc1 Bd7 18. Nc5 Bxc5 19. Rxc5 Qe7 20. Re1 f4 21. Bf3 fxg3 22. hxg3 Qf7 23. Kg2 Rae8 24. Rh1 g5 25. Ra5 Nxf2 26. Kxf2 g4 27. Bf4 gxf3 28. exf3 Re6 29. Rxa6 Rfe8 30. Ra2 c5 31. Qd3 cxd4 32. Qxd4 Bb5 33. Rxh6 Rxh6 34. Bxh6 Kh7 35. Be3 Qe6 36. Ra7+ Bd7 37. Qh4+ Kg7 38. Qh6+ Kg8 39. Qxe6+ Bxe6 40. Rb7 Rc8 41. Bd4 Bf7 42. f4 Rc2+ 43. Kf3 Rd2 44. Ke3 Rg2 45. f5 Rxg3+ 46. Kf4 Rd3 47. Be5 Bh5 48. Kg5 Be8 49. Kf6 Rh3 50. Rg7+ Kh8 51. Ke6 Re3 52. Re7+ Rxe5+ 53. Kxe5 Bc6 54. Rc7 Bb5 55. Kxd5 Bd3 56. f6 1-0